Départements ayant le plus de communes finissant par "an" - Statistiques

Statistiques générales
  • Ce quiz a été pris 40 fois
  • Le résultat moyen est 24 sur 40
Réponses sur la Carte
Les réponses sont colorées sur une échelle allant du rouge au vert en fonction du pourcentage des utilisateurs qui les ont devinées à leur premier essai. Vous pouvez retrouver ces pourcentages ci-dessous.
 
Statistiques - réponses
Nombre Part (%) Département % Correct
29 Gironde
84%
5,43 Gironde
84%
16 Landes
84%
4,89 Landes
84%
31 Haute-Garonne
82%
5,29 Haute-Garonne
82%
8 Tarn
82%
64 Gers
76%
13,97 Gers
76%
20 Aude
74%
4,62 Aude
74%
15 Lot-et-Garonne
74%
4,70 Lot-et-Garonne
74%
8 Ariège
68%
27 Gard
68%
7,71 Gard
68%
44 Hérault
68%
12,90 Hérault
68%
2,56 Tarn-et-Garonne
68%
2,61 Var
68%
15 Finistère
63%
5,42 Finistère
63%
15 Morbihan
63%
6,02 Morbihan
63%
47 Hautes-Pyrénées
61%
10,02 Hautes-Pyrénées
61%
9 Charente-Maritime
58%
27 Côtes-d'Armor
55%
7,85 Côtes-d'Armor
55%
15 Ille-et-Vilaine
53%
4,52 Ille-et-Vilaine
53%
3,97 Vaucluse
50%
14 Drôme
47%
3,87 Drôme
47%
8 Côte-d'Or
37%
10 Nièvre
26%
3,24 Nièvre
26%
10 Saône-et-Loire
18%
2,57 Indre-et-Loire
16%
5,13 Seine-Saint-Denis
11%
Aucun quiz correspondant
Distribution des résultats
% des personnes avec chaque résultat
Percentile par nombre de réponses
Votre historique - résultats
Vous n’avez pas pris ce quiz